| 000 | 00711nam a2200205 a 4500 | ||
|---|---|---|---|
| 005 | 20260407131853.0 | ||
| 008 | 991125s1923 ea 000 0 eng u | ||
| 035 | _aUPN01000030241 | ||
| 049 | _aCG | ||
| 050 | 4 |
_aLB1594 _aB6.3 |
|
| 100 | 1 |
_aBonser, Frederick Gordon, _d1875-1931 _932911 |
|
| 245 | 1 | 0 |
_aIndustrial arts for elementary schools / _cby Frederick G. Bonser and Lois Coffey Mossman. |
| 260 |
_aNew York : _bMacMillan, _c1923. |
||
| 300 |
_a491 p. : _bil. |
||
| 650 | 4 |
_aArtes técnico-industriales _xEstudio y enseñanza (Elemental) _92770 |
|
| 650 | 4 |
_aTrabajos manuales _910048 |
|
| 650 | 4 |
_aEnseñanza técnica _99074 |
|
| 700 | 1 |
_aMossman, Lois Coffey, _d1877-1944 _ecoaut. _932912 |
|
| 905 | _aLibro | ||
| 999 |
_c30241 _d30241 |
||